Strategic applications of named reactions in organic synthesis : (Record no. 1834)

MARC details
000 -LEADER
fixed length control field 01159nam a22002657a 4500
005 - DATE AND TIME OF LATEST TRANSACTION
control field 20250520080820.0
008 - FIXED-LENGTH DATA ELEMENTS--GENERAL INFORMATION
fixed length control field
010 ## - LIBRARY OF CONGRESS CONTROL NUMBER
LC control number 2005273763
020 ## - INTERNATIONAL STANDARD BOOK NUMBER
International Standard Book Number 0124297854 (acidfree paper)
040 ## - CATALOGING SOURCE
Original cataloging agency NLM
Transcribing agency NLM
Modifying agency KMU
Description conventions rda
050 00 - LIBRARY OF CONGRESS CALL NUMBER
Classification number QD262
100 1# - MAIN ENTRY--PERSONAL NAME
Personal name Kürti, László,
Dates associated with a name 1973-
245 10 - TITLE STATEMENT
Title Strategic applications of named reactions in organic synthesis :
Remainder of title background and detailed mechanisms /
Statement of responsibility, etc. by László Kürti and Barbara Czakó.
260 ## - PUBLICATION, DISTRIBUTION, ETC.
Place of publication, distribution, etc. Amsterdam ;
-- Boston :
Name of publisher, distributor, etc. Elsevier Academic Press,
Date of publication, distribution, etc. c2005.
300 ## - PHYSICAL DESCRIPTION
Extent lii, 758 p. :
Other physical details ill., ports. ;
Dimensions 28 cm.
504 ## - BIBLIOGRAPHY, ETC. NOTE
Bibliography, etc. note Includes bibliographical references (p. 531-714) and index.
650 #0 - SUBJECT ADDED ENTRY--TOPICAL TERM
Topical term or geographic name entry element Organic compounds
General subdivision Synthesis.
650 #0 - SUBJECT ADDED ENTRY--TOPICAL TERM
Topical term or geographic name entry element Chemistry, Organic.
700 1# - ADDED ENTRY--PERSONAL NAME
Personal name Czakó, Barbara.
856 42 - ELECTRONIC LOCATION AND ACCESS
Materials specified Publisher description
Uniform Resource Identifier <a href="http://www.loc.gov/catdir/enhancements/fy0626/2005273763-d.html">http://www.loc.gov/catdir/enhancements/fy0626/2005273763-d.html</a>
856 41 - ELECTRONIC LOCATION AND ACCESS
Materials specified Table of contents only
Uniform Resource Identifier <a href="http://www.loc.gov/catdir/enhancements/fy0626/2005273763-t.html">http://www.loc.gov/catdir/enhancements/fy0626/2005273763-t.html</a>
906 ## - LOCAL DATA ELEMENT F, LDF (RLIN)
a 7
b cbc
c copycat
d 2
e ncip
f 20
g y-gencatlg
942 ## - ADDED ENTRY ELEMENTS (KOHA)
Source of classification or shelving scheme Library of Congress Classification
Koha item type Non-Fiction
Suppress in OPAC No
Holdings
Withdrawn status Lost status Source of classification or shelving scheme Damaged status Not for loan Collection Home library Current library Shelving location Date acquired Source of acquisition Total Checkouts Full call number Barcode Date last seen Price effective from Koha item type
    Library of Congress Classification     Non-fiction Kapasa Makasa University Kapasa Makasa University Open Access 20.05.2025 ZLS   QD 262 Kur 301209 20.05.2025 20.05.2025 Non-Fiction